000 00652nam a2200229Ia 4500
003 0100
005 20161220082740.0
008 130303s9999 xx 000 0 und d
020 _a0385235259
040 _cARRUPELIB
050 _aREF. BS192.2.A11964.G3
100 _aSasson, Jack M
_928108
245 _aJonah : a new translation with introduction , commentary and interpretations
250 _a1st ed.
260 _aNew york
260 _bDoubleday & Co.
300 _axvi
300 _b 368p. 24cm.
440 _aThe anchor bible series; v. 24b
_928109
650 _aBible O.T.
_xJonah
_xCommentaries
_928110
942 _2lcc
_cMONOGRAPH
999 _c20759
_d20759